Welcome to the Holygrace Academy Library

Please use search bar below to get started

THE GREAT HAMSTER (Record no. 5845)

MARC details
000 -LEADER
fixed length control field 00271nam a22001217a 4500
020 ## - INTERNATIONAL STANDARD BOOK NUMBER
ISBN 978-1-84738-595-6
082 ## - DEWEY DECIMAL CLASSIFICATION NUMBER
Classification number 823
Item number DAN/G
100 ## - MAIN ENTRY--AUTHOR NAME
Personal name DAVIE, KATIE
245 ## - TITLE STATEMENT
Title THE GREAT HAMSTER
Remainder of title MASSACRE
260 ## - PUBLICATION, DISTRIBUTION, ETC. (IMPRINT)
Place of publication UK
Name of publisher SIMIN AND SCHUSTER
Year of publication 2010
300 ## - PHYSICAL DESCRIPTION
Number of Pages 180
942 ## - ADDED ENTRY ELEMENTS (KOHA)
Koha item type Books
Holdings
Withdrawn status Lost status Collection code Home library Current library Shelving location Date acquired Source of acquisition Cost, normal purchase price Full call number Accession Number Koha item type
    Fiction Main Library Main Library SHELF 15-I-CHILDREN'S STORYBOOKS 21/03/2014 Purchase 5.99 823 DAN/G 08065 Books